2013 New York Knicks Roster - Statistics

General Stats
  • This quiz has been taken 502 times
    417 since last reset
  • The average score is 7 of 17
Answer Stats
Player % Correct
Carmelo Anthony
100%
J.R. Smith
80%
Tyson Chandler
75%
Iman Shumpert
65%
Amar'e Stoudemire
64%
Raymond Felton
56%
Jason Kidd
54%
Steve Novak
41%
Pablo Prigioni
37%
Chris Copeland
28%
Marcus Camby
28%
Kurt Thomas
25%
Rasheed Wallace
22%
James White
17%
Quentin Richardson
15%
Ronnie Brewer
15%
Earl Barron
9%
No matching quizzes found
Score Distribution
Percent of People with Each Score
Percentile by Number Answered
Your Score History
You have not taken this quiz since the last reset